[Event "Titled Tuesday intern op 05th Sep Early"]
[Site "Chess.com INT"]
[Date "2023.09.05"]
[Round "6"]
[White "Czerw, Dawid"]
[Black "Tregubov, Pavel V"]
[Result "0-1"]
[WhiteElo "2400"]
[BlackElo "2567"]
[PlyCount "70"]
[EventDate "2023.09.05"]
[EventType "swiss (blitz)"]
[EventRounds "11"]
[EventCountry "USA"]
[SourceTitle "EXT 2024"]
[Source "ChessBase"]
[SourceDate "2023.10.10"]
[SourceVersion "1"]
[SourceVersionDate "2023.10.10"]
[SourceQuality "1"]

1. e4 c5 2. Nf3 e6 3. d4 cxd4 4. Nxd4 Nc6 5. Nc3 Nf6 6. Nxc6 bxc6 7. e5 Nd5 8. Ne4 Bb7 9. Be2 c5 10. 0-0 Qc7 11. Nd6+ Bxd6 12. exd6 Qc6 13. Bf3 c4 14. Qd4 0-0 15. b3 Rfc8 16. Bb2 c3 17. Bxd5 Qxd5 18. Qxd5 Bxd5 19. Bc1 Be4 20. Be3 Bxc2 21. Rfc1 Bf5 22. b4 a6 23. Bc5 c2 24. f3 h5 25. a3 a5 26. Kf2 f6 27. Ke3 e5 28. Kd2 Kf7 29. Kc3 Ke6 30. Kc4 Ra6 31. Kb5 Bd3+ 32. Ka4 axb4+ 33. Kxb4 Rac6 34. Bf2 Rb8+ 35. Ka5 Ra6# 0-1

[Event "Titled Tuesday intern op 05th Sep Early"]
[Site "Chess.com INT"]
[Date "2023.09.05"]
[Round "4"]
[White "Guha, Eshan"]
[Black "Tregubov, Pavel V"]
[Result "0-1"]
[WhiteElo "2077"]
[BlackElo "2567"]
[PlyCount "62"]
[EventDate "2023.09.05"]
[EventType "swiss (blitz)"]
[EventRounds "11"]
[EventCountry "USA"]
[SourceTitle "EXT 2024"]
[Source "ChessBase"]
[SourceDate "2023.10.10"]
[SourceVersion "1"]
[SourceVersionDate "2023.10.10"]
[SourceQuality "1"]

1. Nf3 d5 2. b3 Nf6 3. Bb2 g6 4. g3 Bg7 5. Bg2 0-0 6. 0-0 c5 7. e3 Nc6 8. d4 cxd4 9. exd4 Bf5 10. a3 Ne4 11. c4 Rc8 12. Nbd2 Nxd2 13. Nxd2 dxc4 14. Nxc4 Nxd4 15. Ne3 Be6 16. Bxb7 Rb8 17. Bg2 Bxb3 18. Qb1 Bc2 19. Nxc2 Rxb2 20. Qxb2 Ne2+ 21. Kh1 Bxb2 22. Rab1 Bf6 23. Rfe1 Qd2 24. Ne3 Nc3 25. Rbc1 Qxf2 26. Ng4 Qd2 27. Nxf6+ exf6 28. Rf1 f5 29. h3 Ne4 30. Kh2 Qe3 31. Bf3 Nd2 0-1

[Event "Titled Tuesday intern op 05th Sep Early"]
[Site "Chess.com INT"]
[Date "2023.09.05"]
[Round "10"]
[White "Popov, Konstantin"]
[Black "Tregubov, Pavel V"]
[Result "1-0"]
[WhiteElo "2345"]
[BlackElo "2567"]
[PlyCount "51"]
[EventDate "2023.09.05"]
[EventType "swiss (blitz)"]
[EventRounds "11"]
[EventCountry "USA"]
[SourceTitle "EXT 2024"]
[Source "ChessBase"]
[SourceDate "2023.10.10"]
[SourceVersion "1"]
[SourceVersionDate "2023.10.10"]
[SourceQuality "1"]

1. e4 c5 2. Nf3 e6 3. d4 cxd4 4. Nxd4 Nf6 5. Nc3 Nc6 6. Ndb5 Bb4 7. a3 Bxc3+ 8. Nxc3 d5 9. Bd3 d4 10. Ne2 e5 11. 0-0 0-0 12. Qe1 Nd7 13. Ng3 Nc5 14. f4 Nxd3 15. cxd3 f6 16. h3 Be6 17. b4 Qb6 18. Bd2 Rac8 19. Nh5 Bf7 20. Qh4 Bxh5 21. Qxh5 exf4 22. Bxf4 Rfe8 23. Rac1 a6 24. Rc5 Ne7 25. Rfc1 Rxc5 26. Qxe8# 1-0

[Event "Titled Tuesday intern op 05th Sep Early"]
[Site "Chess.com INT"]
[Date "2023.09.05"]
[Round "5"]
[White "Tregubov, Pavel V"]
[Black "Bowden, Karl"]
[Result "1/2-1/2"]
[WhiteElo "2567"]
[BlackElo "2348"]
[PlyCount "77"]
[EventDate "2023.09.05"]
[EventType "swiss (blitz)"]
[EventRounds "11"]
[EventCountry "USA"]
[SourceTitle "EXT 2024"]
[Source "ChessBase"]
[SourceDate "2023.10.10"]
[SourceVersion "1"]
[SourceVersionDate "2023.10.10"]
[SourceQuality "1"]

1. e4 e5 2. Nf3 d5 3. Nxe5 Bd6 4. d4 dxe4 5. Nc3 Bxe5 6. dxe5 Qxd1+ 7. Kxd1 Bf5 8. Bb5+ c6 9. Bc4 Nd7 10. Re1 Nxe5 11. Nxe4 0-0-0+ 12. Bd3 Nxd3 13. cxd3 Rxd3+ 14. Bd2 Bxe4 15. Rxe4 Nf6 16. Re3 Rhd8 17. Rxd3 Rxd3 18. Kc2 Rd6 19. Bc3 Re6 20. Rf1 g6 21. h3 Nd5 22. Bd2 b6 23. Kd3 Kd7 24. Rc1 Kd6 25. Rc4 c5 26. Rh4 h5 27. g4 hxg4 28. hxg4 b5 29. Rh7 Re7 30. b3 a6 31. Rh8 Rd7 32. Ra8 Nc7 33. Rb8 Kc6+ 34. Ke2 Ne6 35. Be3 Nd4+ 36. Kf1 Ne6 37. Ke2 Nd4+ 38. Kf1 Ne6 39. Ke2 1/2-1/2